00601nam a2200157 i 4500001000400000245007600004260006500080300002900145505006500174650002600239700002300265040000800288041000800296008004100304856009800345bgj00aTeacher Development :bmaking the right moves /cedited by Thomas Kral. aWashington, D.C. :bUnited States Information Agency,c1994. a278 pp :bfig. ;c23 cm. aSelected articles from the English Teaching Forum 1989-1993. 9aTeachersxTraining of1 aKRAL, Thomas.eed. cBPK aeng s uk f |000 0 eng  uhttp://koha.tu.koszalin.pl/cgi-bin/koha/opac-detail.pl?biblionumber=47960yKatalog online BPK